banner-ar

شروق الامبراطورية البريطانية وغروبها / (Record no. 64242)

MARC details
000 -الفاتح
حقل البيانات ثابتة الطول 01285nam a22002777a 4500
005 - وقت وتاريخ اخر تعامل مع التسجيلة
رقم الضبط 20240530110721.0
008 - عناصر البيانات ثابتة الطول - معلومات عامة
حقل البيانات ثابتة الطول 180326s2016 ua bch g b 000 0dara d
017 ## - رقم الايداع القانونى
رقم الايداع القانونى 2012/5456
المصدر ( الهيئة المختصة) مصر. دار الكتب
020 ## - الرقم الدولى المعيارى للكتب
الرقم الدولى المعيارى للكتاب 9789772160044
040 ## - مصدر الفهرسة
وكالة الفهرسة الأصلية EG-CaGPL
وكالة النسخ EG-CaGPL
082 04 - رقم تصنيف ديوى العشرى
رقم الطبعة 21
رقم التصنيف 942 /
رقم المادة ج ش
100 1# - المدخل الرئيسى - إسم شخصى
الإسم الشخصى جيمس، لورانس
245 10 - بيان العنوان
العنوان شروق الامبراطورية البريطانية وغروبها /
بيان المسئوليه,etc تاليف لورانس جيمس ؛ ترجمة وتقديم عبدالله عبدالرازق ابراهيم ؛ مراجعة شوقى عطا الله الجمل
250 ## - بيان الطبعة
بيان الطبعة ط.1
260 ## - PUBLICATION, DISTRIBUTION, ETC. (IMPRINT)
تاريخ النشر أو التوزيع 2017.
300 ## - الوصف المادى
التعداد 2 مج. :
تفاصيل ماديه اخرى للوعاء ايض
أبعاد الوعاء 24 سم.
490 ## - بيان السلسلة
عنوان السلسلة المركز القومى للترجمة ؛
رقم المجلد/ التعيين التسلسلي 2149 (ج1).
490 ## - بيان السلسلة
عنوان السلسلة المركز القومى للترجمة ؛
رقم المجلد/ التعيين التسلسلي 2564 (ج2).
650 07 - المدخل الاضافى بالموضوع-مصطلح موضوعى
مصدر الرأس أو المصطلح qrmak
مصطلح موضوعي الاستعمار البريطانى
650 07 - المدخل الاضافى بالموضوع-مصطلح موضوعى
مصدر الرأس أو المصطلح qrmak
مصطلح موضوعي بريطانيا
التقسيم الفرعي العام علاقات خارجية
651 07 - المدخل الاضافى بالموضوع - اسم جغرافى
مصدر الرأس أو المصطلح qrmak
الاسم الجغرافي بريطانيا
التقسيم الفرعي العام تاريخ
700 0# - المدخل الاضافى - اسم شخصى
الإسم الشخصى عبدالله عبدالرازق ابراهيم
الدور مترجم ومقدم
700 0# - المدخل الاضافى - اسم شخصى
الإسم الشخصى شوقى عطا الله الجمل
الدور مراجع
942 ## - عناصر المدخل الإضافي( كوها)
مصدر التصنيف او مخطط الترفيف Dewey Decimal Classification
Koha [default] item type كتاب
260 ## - PUBLICATION, DISTRIBUTION, ETC. (IMPRINT)
-- القاهرة :
-- المركز القومى للترجمة ،
Holdings
حالة التراجع حالة الفقد حالة تلف ليس للاعارة المكان المؤقت الموقع الحالى موقع الترفيف تاريخ الاكتساب اجمالي اﻻعارات رقم الطلب الباركود تاريخ اخر مشاهدة تاريخ تفعيل السعر نوع وعاء كوها
        مكتبة القاهرة الكبرى مكتبة القاهرة الكبرى القاعة الرئيسية 03/26/2018   942 / ج ش 164397 03/26/2018 03/26/2018 كتاب
        مكتبة القاهرة الكبرى مكتبة القاهرة الكبرى القاعة الرئيسية 03/26/2018   942 / ج ش 164398 03/26/2018 03/26/2018 كتاب

Powered By

EGPV